| 000 | 00742nam a2200229 i 4500 | ||
|---|---|---|---|
| 001 | 143091 | ||
| 003 | ES-MaACL | ||
| 005 | 20230906200724.0 | ||
| 007 | t| | ||
| 008 | 070214s1981 sp |||| | spa d | ||
| 100 | 1 |
_aSeligman, Martin E. P. _9105307 |
|
| 245 | 1 | 0 |
_aIndefensión _b: en la depresión, el desarrollo y la muerte / _cMartin E. P. Seligman ; versión castellana de Luis Aguado Aguilar. |
| 260 |
_aMadrid : _bDebate, _c1981. |
||
| 300 |
_a297 p. ; _c21 cm. |
||
| 490 | 1 | _aCol. universitaria | |
| 650 | 4 |
_aIndefensión aprendida. _9165092 |
|
| 650 | 0 | 4 |
_aDepresión mental. _911597 |
| 700 | 1 |
_aAguado Aguilar, Luis. _918615 |
|
| 830 | 0 |
_aCol. universitaria _9220538 |
|
| 852 |
_aES-MaACL _jL-1667 |
||
| 999 |
_c143091 _d143091 |
||